Kutub wa-rasāʼil. (Record no. 45248)

MARC details
000 -LEADER
fixed length control field 00743cam a22002411 4500
001 - CONTROL NUMBER
control field ne 62001344
003 - CONTROL NUMBER IDENTIFIER
control field DLC
005 - DATE AND TIME OF LATEST TRANSACTION
control field 20260227111737.0
008 - FIXED-LENGTH DATA ELEMENTS--GENERAL INFORMATION
fixed length control field 881026s1880 fr h 000 0 ara
010 ## - LIBRARY OF CONGRESS CONTROL NUMBER
LC control number ne 62001344
035 ## - SYSTEM CONTROL NUMBER
System control number (OCoLC)23482339
040 ## - CATALOGING SOURCE
Original cataloging agency DLC
Transcribing agency MiU
Modifying agency DLC
042 ## - AUTHENTICATION CODE
Authentication code premarc
050 00 - LIBRARY OF CONGRESS CALL NUMBER
Classification number PJ4557
Item number .I27 1880
100 2# - MAIN ENTRY--PERSONAL NAME
Personal name Ibn Janāḥ, Abū al-Walīd Marwān,
Dates associated with a name approximately 990-approximately 1050.
245 10 - TITLE STATEMENT
Title Kutub wa-rasāʼil.
260 ## - PUBLICATION, DISTRIBUTION, ETC.
Place of publication, distribution, etc. Paris,
Name of publisher, distributor, etc. Impr. nationale,
Date of publication, distribution, etc. 1880.
300 ## - PHYSICAL DESCRIPTION
Extent cxxiv, 400 p.
Other physical details facsim.
Dimensions 25 cm.
500 ## - GENERAL NOTE
General note Romanized.
650 #0 - SUBJECT ADDED ENTRY--TOPICAL TERM
Topical term or geographic name entry element Hebrew language
General subdivision Grammar.
700 1# - ADDED ENTRY--PERSONAL NAME
Personal name Derenbourg, Joseph,
Dates associated with a name 1811-1895,
Relator term ed. and tr.
700 1# - ADDED ENTRY--PERSONAL NAME
Personal name Derenbourg, Hartwig,
Dates associated with a name 1844-1908.
Relator term ed. and tr.

No items available.

Powered by Koha